[Event "SJNR-ch U18 Girls"]
[Site "Kranenburg"]
[Date "2005.01.04"]
[Round "3"]
[White "Schmale, Lina Maria"]
[Black "Karpovych, Oksana"]
[Result "0-1"]
[WhiteElo "1272"]
[BlackElo "1167"]
[PlyCount "74"]
[EventDate "2005.01.03"]
[EventType "tourn"]
[EventRounds "5"]
[EventCountry "GER"]
[SourceTitle "EXT 2007"]
[Source "ChessBase"]
[SourceDate "2006.11.23"]
[SourceVersion "1"]
[SourceVersionDate "2006.11.23"]
[SourceQuality "1"]

1. e4 e5 2. d3 Nc6 3. c3 Nf6 4. f4 d5 5. fxe5 Nxe5 6. d4 Bg4 7. Be2 Bxe2 8. Qxe2 Ned7 9. e5 Ne4 10. Bf4 Be7 11. Nf3 Bh4+ 12. g3 Bg5 13. Nbd2 Nxd2 14. Bxg5 Nxf3+ 15. Qxf3 Qxg5 16. h4 Qh6 17. Rf1 0-0 18. Ke2 Nb6 19. b3 Rae8 20. Rf2 Qg6 21. g4 f6 22. Raf1 Re6 23. Kd2 h6 24. Qh3 Nd7 25. g5 fxg5 26. h5 g4 27. Qh1 Qg5+ 28. Kd1 g3 29. Rxf8+ Nxf8 30. Rg1 Qg4+ 31. Kd2 Qf4+ 32. Kd1 Qg4+ 33. Ke1 Qf5 34. Rf1 Qb1+ 35. Ke2 Qc2+ 36. Kf3 Qxc3+ 37. Kg2 Qxd4 0-1